00580nam a2200133Ia 4500008004100000100006800041245011600109245006800225260005300293260001600346300000800362650001500370856006100385170221s9999 xx 000 0 und d aVieMing Tan, Farzana Quoquab, Fauziah Sh. Ahmad, Jihad Mohammad aEffect of Self-Esteem on Customer Citizenship Behaviours among International University Branch Campus Students  cVieMing Tan, Farzana Quoquab, Fauziah Sh. Ahmad, Jihad Mohammad bInternational Review of Management and Marketing cAugust 2015 a4:2 xMarketing. uhttp://www.econjournals.com/index.php/irmm/issue/view/83